| 000 | 00355pab a2200145 454500 | ||
|---|---|---|---|
| 008 | 180718b1990 xxu||||| |||| 00| 0 eng d | ||
| 100 | _aHeath, Carmen | ||
| 245 | _aThe changing role of superannuation system trustees | ||
| 260 | _c1990 | ||
| 300 | _a7-9 | ||
| 362 | _aSep. | ||
| 650 | _aTrusts and Trustees | ||
| 773 | _aPublic Sector | ||
| 909 | _a19967 | ||
| 999 |
_c19967 _d19967 |
||